[Event "London league"]
[Site "?"]
[Date "1994.12.05"]
[Round "?"]
[White "Stebbings, A."]
[Black "Baker, C."]
[Result "1/2-1/2"]
[WhiteElo "2240"]
[BlackElo "2096"]
[PlyCount "46"]
[EventDate "1994.??.??"]

1. e4 Nc6 2. Nf3 d5 3. exd5 Qxd5 4. Nc3 Qa5 5. d4 Bg4 6. Bb5 e6 7. h3 Bh5 8.
Qd3 Bd6 9. Nd2 Bb4 10. Nc4 Bg6 11. Nxa5 Bxd3 12. Bxd3 Bxa5 13. Bb5 Nge7 14. Be3
a6 15. Ba4 O-O-O 16. O-O-O Bb6 17. Ne2 e5 18. Bxc6 Nxc6 19. c3 exd4 20. Nxd4
Nxd4 21. Bxd4 Bxd4 22. Rxd4 Rxd4 23. cxd4 Re8 1/2-1/2

[Event "London league"]
[Site "?"]
[Date "1995.01.16"]
[Round "?"]
[White "Pickett, L."]
[Black "Stebbings, A."]
[Result "0-1"]
[WhiteElo "2008"]
[BlackElo "2240"]
[PlyCount "94"]
[EventDate "1995.??.??"]

1. e4 c5 2. Nf3 e6 3. d4 cxd4 4. Nxd4 Nc6 5. Nb5 d6 6. Bf4 e5 7. Be3 a6 8. N5c3
Nf6 9. Be2 Be7 10. O-O O-O 11. a4 Be6 12. Bf3 Nb4 13. Qe2 Qc7 14. Rd1 b6 15.
Rd2 Rfd8 16. Qd1 Rac8 17. g3 h6 18. a5 bxa5 19. Na4 Rb8 20. Nbc3 Bh3 21. Bg2
Be6 22. h3 Nh7 23. Qh5 Bg5 24. Bxg5 Nxg5 25. Kh2 Nh7 26. Rad1 Nf6 27. Qe2 Bc4
28. Qe3 Bb5 29. Rc1 Bc6 30. b3 Ba8 31. Rcd1 Nc6 32. Ne2 Nb4 33. c4 Bc6 34. Nec3
Ne8 35. h4 Nf6 36. Bh3 Bxa4 37. Nxa4 Nc6 38. c5 Nd4 39. Rd3 dxc5 40. Rc1 Qd6
41. Rdc3 Rb5 42. Nxc5 Rdb8 43. Kg1 a4 44. bxa4 Rb2 45. Bf1 Ng4 46. Qd3 Rxf2 47.
Nxa6 Rbb2 0-1

[Event "Kent league"]
[Site "?"]
[Date "1995.01.24"]
[Round "?"]
[White "Lee, T."]
[Black "Stebbings, A."]
[Result "1/2-1/2"]
[WhiteElo "1896"]
[BlackElo "2240"]
[PlyCount "63"]
[EventDate "1995.??.??"]

1. d4 Nf6 2. c4 e6 3. Nc3 Bb4 4. e3 c5 5. a3 Bxc3+ 6. bxc3 O-O 7. Bd3 Nc6 8.
Ne2 b6 9. O-O Ba6 10. Ng3 Na5 11. Qe2 cxd4 12. cxd4 Rc8 13. Bd2 Nb3 14. Bb4
Nxa1 15. Bxf8 Kxf8 16. Rxa1 Qc7 17. Rc1 d6 18. Qc2 g6 19. Qa4 Bb7 20. f3 Kg7
21. Rb1 Nd7 22. Qb4 Nf6 23. Qa4 Ba8 24. Ne2 e5 25. Nc3 exd4 26. exd4 Qe7 27.
Nd1 Qe1+ 28. Bf1 d5 29. c5 bxc5 30. dxc5 Rxc5 31. Qxa7 Rc8 32. Qf2 1/2-1/2

[Event "National Club ch."]
[Site "?"]
[Date "1995.01.28"]
[Round "?"]
[White "Franklin, M."]
[Black "Stebbings, A."]
[Result "1/2-1/2"]
[WhiteElo "2176"]
[BlackElo "2240"]
[PlyCount "45"]
[EventDate "1995.??.??"]

1. c4 Nf6 2. Nc3 c5 3. e4 Nc6 4. d3 e6 5. f4 d5 6. e5 d4 7. Nb1 Nd7 8. Nf3 f6
9. exf6 Nxf6 10. g3 Bd6 11. Bg2 O-O 12. O-O e5 13. fxe5 Nxe5 14. Nxe5 Bxe5 15.
Bg5 Qc7 16. Bxf6 Rxf6 17. Rxf6 Bxf6 18. Nd2 Bg5 19. Ne4 Be3+ 20. Kh1 Bf5 21.
Qf3 Rf8 22. Rf1 Rf7 23. b3 1/2-1/2

[Event "London league"]
[Site "?"]
[Date "1995.02.09"]
[Round "?"]
[White "Stebbings, A."]
[Black "Young, C."]
[Result "1-0"]
[WhiteElo "2240"]
[BlackElo "1792"]
[PlyCount "58"]
[EventDate "1995.??.??"]

1. d4 Nf6 2. c4 c5 3. Nf3 g6 4. Nc3 cxd4 5. Nxd4 Nc6 6. Nc2 Bg7 7. e4 d6 8. Be2
O-O 9. O-O Bd7 10. Be3 Rc8 11. Rc1 Ne5 12. Na3 a6 13. f3 Qa5 14. Qb3 Qc7 15. f4
Nc6 16. Nd5 Qb8 17. Nb6 Rcd8 18. Nxd7 Rxd7 19. Bf3 Rfd8 20. Rfd1 e6 21. Rd2 Ne8
22. Rcd1 f5 23. c5 Re7 24. exf5 gxf5 25. cxd6 Rxd6 26. Rxd6 Na5 27. Qb6 Nxd6
28. Rxd6 Re8 29. Rd7 Nc6 1-0

[Event "Kent league"]
[Site "?"]
[Date "1995.02.14"]
[Round "?"]
[White "Stebbings, A."]
[Black "Williamson, S."]
[Result "1-0"]
[WhiteElo "2240"]
[BlackElo "1904"]
[PlyCount "71"]
[EventDate "1995.??.??"]

1. e4 c5 2. Nf3 d6 3. d4 cxd4 4. Nxd4 Nf6 5. Nc3 a6 6. Be3 Nc6 7. f4 Ng4 8. Bg1
g5 9. Nxc6 bxc6 10. h3 Nf6 11. e5 Nd5 12. Nxd5 cxd5 13. Bd4 Rg8 14. Qf3 dxe5
15. fxe5 g4 16. Qe3 gxh3 17. gxh3 Rg6 18. Bd3 Bh6 19. Qf3 Rc6 20. Rg1 Qa5+ 21.
c3 Rb8 22. Rg8+ Bf8 23. Qg2 Be6 24. Qg7 Kd7 25. Rxf8 Rxb2 26. Rc1 Rb4 27. Qg1
Qa3 28. Kd1 Rb2 29. Ra8 Qxa2 30. Ra7+ Rc7 31. Rxa6 Qb3+ 32. Bc2 Rxc2 33. Rxc2
Bf5 34. Raa2 Bxc2+ 35. Rxc2 Rb7 36. Kd2 1-0

[Event "London league"]
[Site "?"]
[Date "1995.02.21"]
[Round "?"]
[White "Kooiman, B."]
[Black "Stebbings, A."]
[Result "1/2-1/2"]
[WhiteElo "2112"]
[BlackElo "2240"]
[PlyCount "73"]
[EventDate "1995.??.??"]

1. d4 Nf6 2. c4 e6 3. g3 Bb4+ 4. Bd2 Qe7 5. Bg2 Nc6 6. Nf3 Bxd2+ 7. Nbxd2 d6 8.
O-O O-O 9. Qc2 a5 10. a3 a4 11. Rac1 e5 12. e3 h6 13. Nb1 exd4 14. exd4 Bg4 15.
Rfe1 Qd7 16. d5 Bxf3 17. Bxf3 Nd4 18. Qd3 Nb3 19. Rcd1 Rfe8 20. Nc3 Nc5 21. Qc2
h5 22. Be4 g6 23. Bg2 Kg7 24. h4 b6 25. Nb5 Kh7 26. Qc3 Nfe4 27. Qd4 Nb3 28.
Qe3 Nbc5 29. Qf4 f5 30. Re3 Rad8 31. Rde1 Nf6 32. Rxe8 Rxe8 33. Rxe8 Nxe8 34.
Qe3 Nf6 35. Nd4 Ng4 36. Qe2 Ne5 37. Bh3 1/2-1/2

[Event "London league"]
[Site "?"]
[Date "1995.03.08"]
[Round "?"]
[White "Sowray, P."]
[Black "Stebbings, A."]
[Result "1-0"]
[WhiteElo "2304"]
[BlackElo "2240"]
[PlyCount "93"]
[EventDate "1995.??.??"]

1. e4 c5 2. Nf3 e6 3. d4 cxd4 4. Nxd4 Nc6 5. Nb5 d6 6. Bf4 e5 7. Be3 a6 8. N5c3
Nf6 9. Nd2 Rb8 10. Bg5 Be7 11. Nc4 Nd4 12. Bxf6 Bxf6 13. Nd5 b5 14. Nce3 Bg5
15. c3 Nc6 16. Bd3 O-O 17. Qe2 Bxe3 18. Nxe3 Ne7 19. O-O Be6 20. a4 Qb6 21.
axb5 axb5 22. b4 Rfc8 23. Ra5 Bd7 24. Qd2 Qc6 25. c4 bxc4 26. Bxc4 Kf8 27. Ra6
Qxe4 28. Rxd6 Be8 29. Rc1 Nc6 30. Nd5 Nxb4 31. Ne3 Nc6 32. Bd5 Qd4 33. Qc2 Ne7
34. Qd1 Qxd1+ 35. Rxd1 Nxd5 36. Nxd5 Rb7 37. h3 Rcb8 38. Kh2 f6 39. Rc1 Rb2 40.
Kg3 Rd2 41. Rb6 Rxb6 42. Nxb6 Rd6 43. Rb1 Bc6 44. Rb3 Kf7 45. Rc3 Kg6 46. Nc8
Re6 47. Rxc6 1-0

[Event "National Club ch."]
[Site "?"]
[Date "1995.03.11"]
[Round "?"]
[White "Stebbings, A."]
[Black "Hon, A."]
[Result "0-1"]
[WhiteElo "2240"]
[BlackElo "2192"]
[PlyCount "66"]
[EventDate "1995.??.??"]

1. d4 g6 2. e4 d6 3. c4 Bg7 4. Nc3 Nf6 5. f3 O-O 6. Be3 Nc6 7. Qd2 Re8 8. Nge2
Rb8 9. h4 h5 10. O-O-O a6 11. Bh6 Bh8 12. Qe3 e5 13. Bg5 Qd7 14. dxe5 Nxe5 15.
Nf4 b5 16. Nfd5 Nxd5 17. Nxd5 Re6 18. cxb5 axb5 19. Qf4 c6 20. Nf6+ Bxf6 21.
Bxf6 Qa7 22. Kb1 Ra8 23. a3 Qb8 24. g4 b4 25. Bxe5 Rxe5 26. Bc4 Ra7 27. axb4
Qxb4 28. Rd4 Be6 29. Rc1 Qa4 30. Qd2 Rc5 31. b3 Qa1+ 32. Kc2 Ra2+ 33. Kd1 Rxd2+
0-1

[Event "Kent league"]
[Site "?"]
[Date "1995.03.13"]
[Round "?"]
[White "Wood, S."]
[Black "Stebbings, A."]
[Result "1/2-1/2"]
[WhiteElo "2000"]
[BlackElo "2240"]
[PlyCount "56"]
[EventDate "1995.??.??"]

1. e4 c5 2. c3 Nf6 3. e5 Nd5 4. d4 cxd4 5. Nf3 e6 6. cxd4 d6 7. a3 Bd7 8. Bd3
Bc6 9. O-O Nd7 10. Nbd2 dxe5 11. dxe5 Nc5 12. Bc4 Nf4 13. b4 Ncd3 14. Nb3 Nxc1
15. Rxc1 Be7 16. Nbd4 O-O 17. Nxc6 bxc6 18. Qxd8 Rfxd8 19. Ba6 c5 20. bxc5 Nd3
21. Bxd3 Rxd3 22. h3 Rc8 23. c6 Bxa3 24. Rc4 Rd5 25. Ra1 Rc5 26. Ra4 Bc1 27.
Rxa7 R5xc6 28. Rb7 Bf4 1/2-1/2

[Event "London league"]
[Site "?"]
[Date "1995.03.21"]
[Round "?"]
[White "Stebbings, A."]
[Black "Prizant, M."]
[Result "1/2-1/2"]
[WhiteElo "2240"]
[BlackElo "2024"]
[PlyCount "38"]
[EventDate "1995.??.??"]

1. e4 d5 2. exd5 Nf6 3. d4 Nxd5 4. Nf3 g6 5. Be2 Bg7 6. O-O O-O 7. c4 Nb6 8. h3
c5 9. dxc5 Qxd1 10. Rxd1 Na4 11. Nd4 Nc6 12. Nxc6 bxc6 13. Nc3 Bxc3 14. bxc3
Nxc3 15. Re1 Nxe2+ 16. Rxe2 Be6 17. Bf4 Rfd8 18. Rb1 Rd7 19. Rb4 Rad8 1/2-1/2

[Event "London league"]
[Site "?"]
[Date "1995.04.06"]
[Round "?"]
[White "Stebbings, A."]
[Black "Houska, M."]
[Result "1-0"]
[WhiteElo "2240"]
[BlackElo "2344"]
[PlyCount "77"]
[EventDate "1995.??.??"]

1. e4 c5 2. Nf3 Nc6 3. d4 cxd4 4. Nxd4 e5 5. Nb5 d6 6. Be3 Nf6 7. Bg5 a6 8.
Bxf6 gxf6 9. N5c3 f5 10. Qh5 Nd4 11. Bc4 Qc7 12. Nd2 b5 13. Nd5 Qd8 14. Bd3 Be6
15. c3 Nc6 16. a4 b4 17. O-O bxc3 18. bxc3 Bg7 19. Nc4 f4 20. Rab1 Ne7 21. Rb6
Nc8 22. Rb7 O-O 23. Rfb1 Ra7 24. Ne7+ Nxe7 25. Rxa7 Ng6 26. Rxa6 Qc8 27. Nxd6
Qxc3 28. Bb5 Qc2 29. Qd1 Qa2 30. Ra1 Qb2 31. Rb1 Qa2 32. Ra1 Qb2 33. Rc6 Rd8
34. Rb1 Qa3 35. Qc1 Qxc1+ 36. Rbxc1 Ne7 37. Rb6 f3 38. gxf3 Bh6 39. Ra1 1-0

[Event "London league"]
[Site "?"]
[Date "1995.04.20"]
[Round "?"]
[White "Kemp, P."]
[Black "Stebbings, A."]
[Result "0-1"]
[WhiteElo "2160"]
[BlackElo "2240"]
[PlyCount "60"]
[EventDate "1995.??.??"]

1. c4 Nf6 2. g3 c5 3. Nc3 d5 4. cxd5 Nxd5 5. Bg2 Nc7 6. Nh3 g6 7. Nf4 Bg7 8. h4
h6 9. d3 Nd7 10. Be3 Rb8 11. Qd2 b6 12. O-O-O Ne5 13. Nfd5 Ng4 14. f4 Be6 15.
Nxc7+ Qxc7 16. h5 g5 17. fxg5 Nxe3 18. Qxe3 hxg5 19. Kb1 Qe5 20. Be4 Kf8 21.
Rdf1 Rh6 22. g4 b5 23. Rhg1 c4 24. Qxa7 b4 25. d4 Qd6 26. Nd5 Rd8 27. Rxf7+
Bxf7 28. Rf1 Bf6 29. Rf5 Be6 30. Nxf6 Bxf5 0-1

[Event "National Club ch."]
[Site "?"]
[Date "1995.04.22"]
[Round "?"]
[White "Stebbings, A."]
[Black "Sands, D."]
[Result "1-0"]
[WhiteElo "2240"]
[BlackElo "2232"]
[PlyCount "57"]
[EventDate "1995.??.??"]

1. e4 c5 2. Nf3 Nc6 3. d4 cxd4 4. Nxd4 Nf6 5. Nc3 d6 6. f4 g6 7. Nxc6 bxc6 8.
e5 Nd7 9. exd6 exd6 10. Be3 Be7 11. Bc4 O-O 12. Qd2 Nf6 13. O-O-O Re8 14. Bb3
d5 15. Bd4 Bb4 16. a3 Ne4 17. Qd3 Bxc3 18. Bxc3 Bf5 19. g3 f6 20. Qd4 Qb6 21.
Rhe1 Rad8 22. Rxe4 Rxe4 23. Qxf6 Rd7 24. Qh8+ Kf7 25. g4 Bxg4 26. Qxh7+ Kf8 27.
Qh8+ Ke7 28. Qf6+ Ke8 29. Qxg6+ 1-0

[Event "Kent league"]
[Site "?"]
[Date "1995.05.13"]
[Round "?"]
[White "Wills, M."]
[Black "Stebbings, A."]
[Result "0-1"]
[WhiteElo "2064"]
[BlackElo "2248"]
[PlyCount "76"]
[EventDate "1995.??.??"]

1. e4 c5 2. Nc3 Nc6 3. g3 g6 4. Bg2 Bg7 5. d3 d6 6. Be3 e5 7. Nge2 Nge7 8. O-O
O-O 9. f4 Nd4 10. Qd2 Be6 11. Nd5 Nxe2+ 12. Qxe2 Bxd5 13. exd5 exf4 14. Bxf4
Bxb2 15. Rab1 Bd4+ 16. Kh1 Qd7 17. Qd2 Rfe8 18. c3 Bg7 19. Rfe1 Kh8 20. Re2 Ng8
21. Rbe1 Nf6 22. Bg5 Rxe2 23. Rxe2 Re8 24. Bxf6 Bxf6 25. c4 Be5 26. Qe1 Kg7 27.
Qf1 Qg4 28. Qf3 Qg5 29. Qe3 Qd8 30. Bh3 h5 31. Qf3 Qg5 32. Qe3 Qxe3 33. Rxe3 f5
34. Bf1 h4 35. gxh4 Rh8 36. h3 Rxh4 37. Kg2 g5 38. Kf3 g4+ 0-1

[Event "Kent league"]
[Site "?"]
[Date "1995.05.21"]
[Round "?"]
[White "Watson, I."]
[Black "Stebbings, A."]
[Result "1/2-1/2"]
[WhiteElo "2248"]
[BlackElo "2248"]
[PlyCount "79"]
[EventDate "1995.??.??"]

1. Nf3 c5 2. g3 b6 3. Bg2 Bb7 4. O-O Nf6 5. d3 d5 6. Nbd2 Nc6 7. e4 e6 8. Re1
Be7 9. c3 Qc7 10. a3 a5 11. Nf1 b5 12. Bf4 Qb6 13. e5 Nd7 14. h4 c4 15. Be3 Qc7
16. d4 Nb6 17. Ng5 h6 18. Nh3 h5 19. Bg5 O-O-O 20. Bxe7 Qxe7 21. Ne3 Kc7 22. b3
Ba6 23. bxc4 Nxc4 24. Nxc4 bxc4 25. Qa4 Rb8 26. Rab1 Qd7 27. Nf4 g6 28. Rxb8
Kxb8 29. Bxd5 exd5 30. e6 fxe6 31. Nxe6 Ne5 32. Rb1+ Ka7 33. Qxa5 Nf3+ 34. Kg2
Qxe6 35. Qc7+ Ka8 36. Rb6 Nxh4+ 37. gxh4 Qg4+ 38. Kf1 Qd1+ 39. Kg2 Qg4+ 40. Kf1
1/2-1/2

[Event "Tournament: Hastings Masters"]
[Site "?"]
[Date "1995.08.21"]
[Round "?"]
[White "Phillips, A."]
[Black "Stebbings, A."]
[Result "1-0"]
[WhiteElo "2016"]
[BlackElo "2248"]
[PlyCount "59"]
[EventDate "1995.??.??"]

1. e4 c5 2. Nf3 e6 3. Be2 Nc6 4. c3 Nf6 5. e5 Nd5 6. d4 cxd4 7. cxd4 d6 8. O-O
Be7 9. Re1 O-O 10. Nbd2 b6 11. Nc4 Bb7 12. a3 Rc8 13. Bd3 dxe5 14. dxe5 b5 15.
Ne3 a6 16. Ng4 Qd7 17. Qe2 Rfd8 18. Qe4 g6 19. Nh6+ Kg7 20. Ng5 f6 21. exf6+
Nxf6 22. Nxe6+ Kh8 23. Qh4 Qxd3 24. Bg5 Nd5 25. Bxe7 Ncxe7 26. Nxd8 Ba8 27.
Rxe7 Rxd8 28. Nf7+ Kg8 29. Ne5 Nxe7 30. Nxd3 1-0

[Event "Tournament: Hastings Masters"]
[Site "?"]
[Date "1995.08.21"]
[Round "?"]
[White "Stebbings, A."]
[Black "Chenaux, P."]
[Result "1/2-1/2"]
[WhiteElo "2248"]
[BlackElo "2104"]
[PlyCount "85"]
[EventDate "1995.??.??"]

1. e4 e6 2. d4 d5 3. Nd2 a6 4. Bd3 c5 5. dxc5 Bxc5 6. Ngf3 Nc6 7. a3 Nf6 8. O-O
dxe4 9. Nxe4 Nxe4 10. Bxe4 Qxd1 11. Rxd1 Bd7 12. Ng5 Nd8 13. Bxh7 f6 14. Bg6+
Ke7 15. Ne4 Bb6 16. Ng3 Bc6 17. Be4 Rc8 18. c3 Nf7 19. Re1 Ne5 20. Be3 Bxe3 21.
Rxe3 Rhd8 22. Bxc6 Rxc6 23. Rae1 Kf7 24. Ne4 Nc4 25. R3e2 b5 26. f4 Rd5 27. Ra1
Nb6 28. g3 Rc7 29. Kf1 Rcd7 30. Ke1 Na4 31. Rc1 Nb6 32. Nf2 Rh5 33. h3 Rhd5 34.
Rd1 Rxd1+ 35. Nxd1 Nc4 36. Nf2 a5 37. Rc2 a4 38. Ke2 e5 39. fxe5 Re7 40. Kd3
Rxe5 41. Ng4 Rd5+ 42. Ke2 Rh5 43. Nf2 1/2-1/2

[Event "Tournament: Hastings Masters"]
[Site "?"]
[Date "1995.08.22"]
[Round "?"]
[White "Spanton, T."]
[Black "Stebbings, A."]
[Result "0-1"]
[WhiteElo "1912"]
[BlackElo "2248"]
[PlyCount "94"]
[EventDate "1995.??.??"]

1. e4 c5 2. Nf3 e6 3. c3 Nf6 4. e5 Nd5 5. d4 cxd4 6. cxd4 d6 7. Bd2 Bd7 8. Nc3
Bc6 9. Bc4 Nb6 10. Bb3 N8d7 11. O-O Be7 12. Bf4 dxe5 13. Nxe5 Nxe5 14. dxe5
Qxd1 15. Raxd1 O-O 16. Be3 Rfd8 17. a3 Rxd1 18. Rxd1 Rd8 19. f4 Rxd1+ 20. Bxd1
Nc4 21. Bxa7 Nxb2 22. Be2 Bxa3 23. g4 Bb4 24. Bd4 Ba5 25. Nb5 Na4 26. Kf2 Nb6
27. Nd6 Nd5 28. f5 Bd2 29. Bc4 Bb4 30. fxe6 fxe6 31. Ke2 Kf8 32. Kd3 Ke7 33.
Ne4 Nf4+ 34. Ke3 Ng2+ 35. Kd3 Ne1+ 36. Ke3 Nc2+ 37. Kd3 Nxd4 38. Kxd4 Ba3 39.
Ng5 Bb2+ 40. Kc5 Bxe5 41. Nxe6 Bd7 42. Ng5 h6 43. Nf3 Bd6+ 44. Kb6 Bxg4 45. Nh4
g5 46. Kxb7 gxh4 47. Bd5 Bxh2 0-1

[Event "Tournament: Hastings Masters"]
[Site "?"]
[Date "1995.08.23"]
[Round "?"]
[White "Stebbings, A."]
[Black "Ragnarsson, J."]
[Result "1/2-1/2"]
[WhiteElo "2248"]
[BlackElo "1824"]
[PlyCount "81"]
[EventDate "1995.??.??"]

1. e4 c6 2. d4 d5 3. exd5 cxd5 4. c4 Nf6 5. Nc3 g6 6. Qb3 Bg7 7. cxd5 O-O 8.
Be2 Nbd7 9. Bf3 Nb6 10. Nge2 Bg4 11. Bxg4 Nxg4 12. a4 a5 13. Bf4 Nf6 14. d6
exd6 15. O-O Re8 16. Rfe1 Nh5 17. Be3 Rc8 18. d5 Nc4 19. Bd4 Qg5 20. Qxb7 Bxd4
21. Nxd4 Nf4 22. g3 Nh3+ 23. Kg2 Nf4+ 24. Kh1 Nh3 25. Rxe8+ Rxe8 26. Qc6 Nxf2+
27. Kg2 Qe3 28. Qxc4 Nd3 29. Rf1 Qd2+ 30. Nde2 Rxe2+ 31. Nxe2 Qxe2+ 32. Kg1
Qe3+ 33. Kh1 Qe2 34. Qc8+ Kg7 35. Qc3+ Kg8 36. Qf6 Ne5 37. Qd8+ Kg7 38. Qf6+
Kg8 39. Kg1 Qe3+ 40. Qf2 Qe4 41. Qf6 1/2-1/2

[Event "Tournament: Hastings Masters"]
[Site "?"]
[Date "1995.08.24"]
[Round "?"]
[White "Mah, K."]
[Black "Stebbings, A."]
[Result "1/2-1/2"]
[WhiteElo "2208"]
[BlackElo "2248"]
[PlyCount "70"]
[EventDate "1995.??.??"]

1. d4 Nf6 2. c4 e6 3. Nc3 Bb4 4. f3 d5 5. a3 Bxc3+ 6. bxc3 c5 7. e3 O-O 8. Bd3
dxc4 9. Bxc4 Nc6 10. Ne2 e5 11. O-O cxd4 12. cxd4 exd4 13. exd4 Be6 14. Bxe6
fxe6 15. Rb1 Qd7 16. Bb2 Rac8 17. Re1 Rfd8 18. Ba1 b6 19. Qd2 Qd6 20. a4 Nd5
21. Ng3 Rd7 22. Rbc1 Rdc7 23. Ne4 Qb4 24. Qd1 Nd8 25. Rxc7 Rxc7 26. Kf2 Qc4 27.
Ng5 Qc2+ 28. Qxc2 Rxc2+ 29. Re2 Rc6 30. Re5 Nf4 31. Kg3 Ng6 32. Re1 Ne7 33. Re5
Ng6 34. Re1 Ne7 35. Re5 Ng6 1/2-1/2

[Event "Tournament: Hastings Masters"]
[Site "?"]
[Date "1995.08.25"]
[Round "?"]
[White "Stebbings, A."]
[Black "Ashby, A."]
[Result "0-1"]
[WhiteElo "2248"]
[BlackElo "2096"]
[PlyCount "98"]
[EventDate "1995.??.??"]

1. d4 d5 2. c4 c6 3. Nc3 e5 4. cxd5 cxd5 5. e4 Nc6 6. dxe5 d4 7. Nd5 Nge7 8.
Nxe7 Bxe7 9. f4 Qb6 10. Nf3 Bg4 11. Bd3 Bb4+ 12. Bd2 Bxf3 13. gxf3 g5 14. O-O
Bxd2 15. Qxd2 gxf4 16. Qxf4 Qc5 17. Rac1 Qxe5 18. Qxe5+ Nxe5 19. Bb5+ Kf8 20.
Rc7 a6 21. Bc4 Rg8+ 22. Kh1 Rg7 23. Bd5 Rb8 24. Rxb7 Rc8 25. Bb3 d3 26. h3 d2
27. f4 Rc1 28. Bd1 Nd3 29. Rd7 Rxd1 30. Rxd1 Nf2+ 31. Kh2 Nxd1 32. Rxd2 Ne3 33.
Rd8+ Ke7 34. Ra8 Rg2+ 35. Kh1 Rxb2 36. Rxa6 Rb4 37. Ra7+ Kf8 38. Ra8+ Kg7 39.
a4 Rxe4 40. a5 Rxf4 41. a6 Ra4 42. a7 Nf5 43. Kg2 Ne7 44. Kf3 Nc6 45. Rc8 Nxa7
46. Ra8 Ra3+ 47. Kg2 Nb5 48. Rb8 Nd4 49. Rb4 Nf5 0-1

[Event "Tournament: Hastings Masters"]
[Site "?"]
[Date "1995.08.26"]
[Round "?"]
[White "Bersoult, F."]
[Black "Stebbings, A."]
[Result "1/2-1/2"]
[WhiteElo "2160"]
[BlackElo "2248"]
[PlyCount "112"]
[EventDate "1995.??.??"]

1. d4 Nf6 2. c4 e6 3. Nc3 Bb4 4. Qc2 O-O 5. a3 Bxc3+ 6. Qxc3 b6 7. Bg5 Bb7 8.
Nh3 h6 9. Bh4 d5 10. cxd5 exd5 11. e3 c5 12. dxc5 d4 13. Qxd4 Qxd4 14. exd4
Re8+ 15. Kd1 g5 16. Bg3 Nc6 17. Bb5 Red8 18. Bxc6 Bxc6 19. f3 g4 20. Nf4 gxf3
21. Kc2 fxg2 22. Rhd1 Bf3 23. Rd2 Nd5 24. Nxd5 Bxd5 25. b4 b5 26. Be5 f5 27.
Rg1 Kf7 28. Rdxg2 Bxg2 29. Rxg2 Rg8 30. Rxg8 Rxg8 31. d5 Rd8 32. c6 Ke7 33. c7
Rf8 34. Kd3 Kd7 35. Ke3 Rf7 36. d6 Rf8 37. Kf4 Ke6 38. Kf3 Rg8 39. Bg3 Rf8 40.
Bf4 h5 41. h4 Kd7 42. Be3 Rg8 43. Bf4 Rg4 44. Bg5 Rc4 45. Be7 Rc3+ 46. Kf4 Rxa3
47. Kxf5 Rg3 48. Kf4 Rg4+ 49. Ke3 Rc4 50. Kd3 Rc6 51. Kd4 a5 52. bxa5 b4 53. a6
Rxa6 54. Kc4 Rb6 55. Kb3 Rb7 56. Bg5 Rb6 1/2-1/2

[Event "Tournament: Hastings Masters"]
[Site "?"]
[Date "1995.08.27"]
[Round "?"]
[White "Stebbings, A."]
[Black "Dutta, S."]
[Result "1-0"]
[WhiteElo "2248"]
[BlackElo "2112"]
[PlyCount "81"]
[EventDate "1995.??.??"]

1. e4 d6 2. d4 Nf6 3. Nc3 g6 4. g3 Bg7 5. Bg2 O-O 6. Nge2 e5 7. h3 Nc6 8. Be3
exd4 9. Nxd4 Ne5 10. b3 Re8 11. O-O c6 12. Bc1 Ned7 13. Bb2 Nc5 14. Re1 a5 15.
a4 Qc7 16. Qd2 Ne6 17. Rad1 Rd8 18. Nde2 b6 19. f4 Ba6 20. g4 Nc5 21. Nd4 Bb7
22. g5 Ne8 23. f5 Nd7 24. f6 Bf8 25. Qf4 Ne5 26. Nf3 Ba6 27. Kf2 b5 28. axb5
cxb5 29. Rd2 Qc5+ 30. Qe3 Nxf3 31. Bxf3 Qe5 32. Rd5 Qh2+ 33. Bg2 Nc7 34. Rh1
Nxd5 35. Nxd5 Qxh1 36. Bxh1 Rdc8 37. Qd2 Rc5 38. Bf3 Rac8 39. Bd1 b4 40. Bd4
R5c6 41. Qf4 1-0

[Event "Kent league"]
[Site "?"]
[Date "1995.10.26"]
[Round "?"]
[White "Naylor, J."]
[Black "Stebbings, A."]
[Result "1/2-1/2"]
[WhiteElo "2216"]
[BlackElo "2248"]
[PlyCount "73"]
[EventDate "1995.??.??"]

1. c4 Nf6 2. Nc3 c5 3. g3 d5 4. cxd5 Nxd5 5. Bg2 Nc7 6. d3 e5 7. Nf3 Nc6 8. O-O
Be7 9. Be3 O-O 10. Rc1 b6 11. a3 f6 12. Ng5 Qe8 13. Nd5 Bd8 14. Nxc7 Bxc7 15.
Qa4 Bd7 16. Nf3 Nd4 17. Qd1 Rc8 18. Nxd4 exd4 19. Bd2 Bg4 20. Re1 Qh5 21. b4
Bd6 22. bxc5 Bxc5 23. Bb4 Kh8 24. Bxc5 Rxc5 25. Qa4 Bxe2 26. Qxd4 Rcc8 27. Rxc8
Rxc8 28. Qd7 Bg4 29. Qxa7 Qc5 30. Qa4 Bh5 31. Qb4 Qxb4 32. axb4 Rc3 33. g4 Bg6
34. f4 Rxd3 35. f5 Bf7 36. Re7 Kg8 37. Rb7 1/2-1/2

[Event "London league"]
[Site "?"]
[Date "1995.11.02"]
[Round "?"]
[White "Stebbings, A."]
[Black "O'Dell, J."]
[Result "1-0"]
[WhiteElo "2248"]
[BlackElo "2008"]
[PlyCount "75"]
[EventDate "1995.??.??"]

1. e4 c5 2. Nf3 Nc6 3. d4 cxd4 4. Nxd4 e6 5. Nc3 Qc7 6. Be3 a6 7. Bd3 b5 8. O-O
Bb7 9. Nb3 Ne5 10. f4 Nxd3 11. cxd3 Rc8 12. Rc1 Qb8 13. Qf3 Nf6 14. Bd4 Be7 15.
g4 O-O 16. g5 Ne8 17. Qh5 g6 18. Qh6 f5 19. gxf6 Bxf6 20. Bxf6 Nxf6 21. Nd4 b4
22. Nce2 Rxc1 23. Rxc1 e5 24. fxe5 Qxe5 25. Rf1 d5 26. Qh3 Qg5+ 27. Qg3 Qxg3+
28. Nxg3 dxe4 29. Ne6 Rf7 30. Nd8 exd3 31. Nxf7 Kxf7 32. Rd1 Nd7 33. Rxd3 Ne5
34. Rd6 a5 35. Rb6 Bc8 36. Ne4 Nc4 37. Rc6 Be6 38. Ng5+ 1-0

[Event "National Club ch."]
[Site "?"]
[Date "1995.11.11"]
[Round "?"]
[White "Stebbings, A."]
[Black "Goldberg, J."]
[Result "0-1"]
[WhiteElo "2248"]
[BlackElo "2088"]
[PlyCount "62"]
[EventDate "1995.??.??"]

1. e4 c6 2. d4 d5 3. exd5 cxd5 4. c4 Nf6 5. Nc3 e6 6. Nf3 Bb4 7. Bd3 dxc4 8.
Bxc4 Nc6 9. O-O O-O 10. Bg5 a6 11. a3 Be7 12. Re1 b5 13. Ba2 Ra7 14. Rc1 Rd7
15. Nxb5 Bb7 16. Nc3 Nxd4 17. Nxd4 Rxd4 18. Qb3 Qa8 19. f3 Bxf3 20. gxf3 Qxf3
21. Ne4 Qg4+ 22. Ng3 Qxg5 23. Rc7 Rfd8 24. Rxe7 Qc5 25. R1xe6 Rd3+ 26. Re3 Rxb3
27. Bxb3 Ng4 28. Nf1 Nxe3 29. Rxe3 Rd3 30. Kg2 Rxe3 31. Nxe3 Qxe3 0-1

[Event "Kent league"]
[Site "?"]
[Date "1995.11.14"]
[Round "?"]
[White "Stebbings, A."]
[Black "Sugden, J."]
[Result "1-0"]
[WhiteElo "2248"]
[BlackElo "2144"]
[PlyCount "70"]
[EventDate "1995.??.??"]

1. e4 c5 2. Nf3 e6 3. d4 cxd4 4. Nxd4 a6 5. Nc3 b5 6. Bd3 Bb7 7. O-O Qc7 8. Re1
Nf6 9. Bg5 b4 10. e5 bxc3 11. exf6 cxb2 12. Rb1 Nc6 13. Nf5 gxf6 14. Bxf6 Rg8
15. Ng3 Be7 16. Bxe7 Nxe7 17. Rxb2 Rg7 18. Be4 Bxe4 19. Nxe4 Nf5 20. Nf6+ Kd8
21. Rb3 Qc6 22. g3 Ke7 23. Qa1 Rc8 24. Rd3 Rc7 25. Nd5+ Kf8 26. Nxc7 Qxc7 27.
Qc3 Qb7 28. Qb3 Qc6 29. Rc3 Qd6 30. Qa3 Rg4 31. Qxd6+ Nxd6 32. Ra3 Rc4 33. Rxa6
Ke7 34. Re2 Nf5 35. Ra7 Kd6 1-0

[Event "London league"]
[Site "?"]
[Date "1995.12.07"]
[Round "?"]
[White "Stebbings, A."]
[Black "Fincham, L."]
[Result "1-0"]
[WhiteElo "2248"]
[BlackElo "1952"]
[PlyCount "51"]
[EventDate "1995.??.??"]

1. e4 g6 2. d4 Bg7 3. Nc3 d6 4. Nge2 Nf6 5. g3 Bg4 6. Bg2 c6 7. Be3 Qa5 8. h3
Bxe2 9. Qxe2 O-O 10. O-O e5 11. Rad1 Na6 12. a3 Nc7 13. Rd2 Ne6 14. dxe5 dxe5
15. Rfd1 Rfd8 16. Qc4 Rxd2 17. Rxd2 Rd8 18. Rxd8+ Nxd8 19. Qd3 Ne6 20. Qd6 Nd4
21. Qb8+ Bf8 22. Qxb7 Kg7 23. Bf1 Bxa3 24. Bc4 Nd5 25. exd5 Qc5 26. Ba2 1-0

[Event "London league"]
[Site "?"]
[Date "1996.01.10"]
[Round "?"]
[White "Clark, K."]
[Black "Stebbings, A."]
[Result "0-1"]
[WhiteElo "2096"]
[BlackElo "2248"]
[PlyCount "75"]
[EventDate "1996.??.??"]

1. e4 c5 2. c3 Nf6 3. e5 Nd5 4. d4 cxd4 5. cxd4 e6 6. Nf3 d6 7. a3 Bd7 8. Bd3
Bc6 9. O-O Nd7 10. b4 a6 11. Qe2 Be7 12. Bd2 O-O 13. Nc3 Nxc3 14. Bxc3 Rc8 15.
Rac1 a5 16. Nd2 dxe5 17. dxe5 axb4 18. axb4 Bd5 19. Rfd1 Qc7 20. h3 Rfd8 21.
Nf3 Qb8 22. Bb5 Nb6 23. Nd4 Rc7 24. Bd3 Rdc8 25. Nb5 Rc6 26. Qe3 Na4 27. Bd2
Rxc1 28. Rxc1 Rxc1+ 29. Bxc1 Bxb4 30. Qd4 Qc8 31. Qxb4 Qxc1+ 32. Kh2 Nc5 33.
Be2 Ne4 34. Qd4 Qf4+ 35. g3 Qxf2+ 36. Qxf2 Nxf2 37. Nc3 Bc6 38. g4 0-1